000 00432nam a2200157Ia 4500
008 230524s9999 xx 000 0 und d
082 _a5
_bTAN
100 _aSteven L.Tanimoto
_925080
245 4 _aThe Elements of Artificial Intelligence (An Introduction Using LISP)
250 _a3RD
260 _aNEW DELHI
_bComp-Science Press
_c2007
300 _aXI;1183
500 _aQuantity Number: 1
650 _aComp-Sc
942 _cBK
999 _c37126
_d37126